| 000 | 00343nam a2200121Ia 4500 | ||
|---|---|---|---|
| 008 | 191201s2017 xx 000 0 und d | ||
| 100 | _aKASTURE, AV AND WADODKAR, SG | ||
| 245 | 0 | _aPharmaceutical chemistry I | |
| 260 |
_bNirali Prakashan _aNew Delhi _c2017 |
||
| 300 | _aMISC | ||
| 650 | _aPharmaceutical Inorganic Chemistry | ||
| 942 |
_2ddc _cBK _01 |
||
| 999 |
_c8288 _d8288 |
||